[Event "TCh-Central SRB 2012"]
[Site "Vrnjacka Banja SRB"]
[Date "2012.10.05"]
[Round "9.4"]
[White "Pap, G"]
[Black "Stojanovic, Mih"]
[Result "1-0"]
[WhiteElo "2569"]
[BlackElo "2572"]
[EventDate "2012.09.29"]

1. c4 e6 2. Nc3 d5 3. d4 Nf6 4. cxd5 exd5 5. Bg5 Be7 6. e3 c6 7. Qc2 Nbd7 
8. Bd3 O-O 9. Nge2 Re8 10. O-O Nf8 11. f3 Be6 12. Rae1 Rc8 13. Kh1 N6d7 
14. Bxe7 Qxe7 15. Ng3 c5 16. Qf2 Nf6 17. dxc5 Qxc5 18. Nb5 Bd7 19. Nd4 Ne6
20. Ngf5 Nxd4 21. Nxd4 Re5 22. g4 Rce8 23. h4 h6 24. Re2 g6 25. Rfe1 a6 
26. Qg3 Bb5 27. Bxb5 axb5 28. Qf4 Kg7 29. h5 Qc4 30. hxg6 fxg6 31. Rc2 Qd3
32. Rc7+ R5e7 33. Ne6+ Kf7 34. g5 hxg5 35. Nxg5+ Kg7 36. Ne6+ Kf7 37. Ng5+
Kg7 38. Qd6 Ng8 39. Qe5+ Kf8 40. Ne6+ Kf7 41. Nf4 Qf5 42. Qxf5+ gxf5 43. 
Nxd5 Rxc7 44. Nxc7 Rd8 45. b4 Rd2 46. a3 Nf6 47. Nxb5 Nh5 1-0

[Event "TCh-FRA Top 12 2012"]
[Site "Belfort FRA"]
[Date "2012.06.07"]
[Round "8.5"]
[White "Miton, K"]
[Black "Sokolov, And1"]
[Result "1/2-1/2"]
[WhiteElo "2622"]
[BlackElo "2570"]
[EventDate "2012.05.31"]

1. d4 Nf6 2. c4 e6 3. Nf3 d5 4. Nc3 Be7 5. Bg5 O-O 6. e3 Nbd7 7. cxd5 exd5
8. Bd3 Re8 9. Qc2 Nf8 10. O-O c6 11. h3 Be6 12. Ne5 N6d7 13. Bxe7 Qxe7 14.
 f4 f6 15. Nf3 Qd6 16. Qf2 Re7 17. Rae1 Rae8 18. a3 1/2-1/2

[Event "TCh-HUN 2012-13"]
[Site "Szombathely HUN"]
[Date "2012.12.02"]
[Round "5"]
[White "Sedlak, N"]
[Black "Prohaszka, P2"]
[Result "1/2-1/2"]
[WhiteElo "2538"]
[BlackElo "2573"]
[EventDate "2012.09.16"]

1. d4 d5 2. Bf4 Nf6 3. e3 c5 4. c3 Nc6 5. Nd2 cxd4 6. exd4 Bf5 7. Ngf3 e6 
8. Qb3 Qc8 9. Nh4 Be4 10. Nxe4 Nxe4 11. Nf3 Bd6 12. Bxd6 Nxd6 13. Bd3 Qc7 
14. O-O O-O 15. Qc2 h6 16. Qe2 Rab8 17. a4 Rbe8 18. Ne5 Nxe5 1/2-1/2

[Event "TCh-SRB Prem 2012"]
[Site "Valjevo SRB"]
[Date "2012.09.17"]
[Round "1.3"]
[White "Markus, Rob"]
[Black "Perunovic, Mil"]
[Result "1-0"]
[WhiteElo "2605"]
[BlackElo "2614"]
[EventDate "2012.09.17"]

1. d4 d5 2. c4 e6 3. Nc3 c6 4. cxd5 exd5 5. Bf4 Bf5 6. e3 Nf6 7. Nge2 Qb6 
8. Qd2 Ne4 9. Nxe4 Bxe4 10. a3 Nd7 11. Nc3 Nf6 12. Bg5 Be7 13. Bxf6 Bxf6 
14. Nxe4 dxe4 15. Bc4 O-O 16. b4 a5 17. O-O Be7 18. Qc2 axb4 19. axb4 Bxb4
20. Rxa8 Rxa8 21. Qb3 Qa5 22. Rb1 b5 23. Bxf7+ Kh8 24. Qd1 Rf8 25. Bb3 Bc3
26. Qe2 b4 27. Qg4 Re8 28. Bf7 Rf8 29. Qxe4 b3 30. Bxb3 Be1 31. f4 Qd2 32.
 Qf3 Qc3 33. Bd1 g5 34. Qe4 c5 35. Bc2 1-0

[Event "TCh-SUI National A 2012"]
[Site "Switzerland SUI"]
[Date "2012.06.03"]
[Round "4.1"]
[White "Bindrich, F"]
[Black "Stojanovic, Mih"]
[Result "1-0"]
[WhiteElo "2542"]
[BlackElo "2579"]
[EventDate "2012.03.18"]

1. Nf3 d5 2. d4 Nf6 3. c4 e6 4. Nc3 Nbd7 5. Bg5 c6 6. cxd5 exd5 7. e3 Be7 
8. Bd3 O-O 9. Qc2 Re8 10. O-O Nf8 11. h3 Be6 12. Rab1 Ne4 13. Bxe7 Rxe7 
14. b4 Bf5 15. Bxe4 Bxe4 16. Nxe4 dxe4 17. Nd2 Qd5 18. Rfc1 Re6 19. a4 
Rae8 20. Qc5 Qa2 21. Qc2 Qd5 22. b5 Qg5 23. Qc5 f5 24. Nf1 b6 25. Qc4 cxb5
26. Rxb5 Qf6 27. Ng3 g6 28. Ne2 Qf7 29. a5 Rf6 30. Qxf7+ Kxf7 31. Rc7+ Re7
32. Rxe7+ Kxe7 33. Nf4 Kd7 34. Nd5 Rc6 35. axb6 axb6 36. Rxb6 Rxb6 37. 
Nxb6+ Kc6 38. Nc4 Nd7 39. Kf1 Kd5 40. Nd2 Nf6 41. Nb3 Nd7 42. Na5 Nf6 43. 
Ke2 Nd7 44. Nb7 Kc6 45. Nd8+ Kd5 46. Kd2 Nb6 47. Kc3 Na4+ 48. Kb3 Nb6 49. 
Nf7 Nc4 50. g3 Nd2+ 51. Kc3 Nc4 52. Ng5 h5 53. Ne6 1-0

[Event "TCh-SUI National A 2012"]
[Site "Switzerland SUI"]
[Date "2012.10.20"]
[Round "8.1"]
[White "Bauer, Ch"]
[Black "Stojanovic, Mih"]
[Result "1/2-1/2"]
[WhiteElo "2679"]
[BlackElo "2579"]
[EventDate "2012.03.18"]

1. d4 d5 2. c4 e6 3. Nc3 Nf6 4. cxd5 exd5 5. Bg5 c6 6. e3 Be7 7. Qc2 Nbd7 
8. Bf4 Nh5 9. Bg3 Nxg3 10. hxg3 g6 11. Bd3 Nb6 12. Nge2 Bd6 13. O-O-O Bg4 
14. Rh4 Bxe2 15. Qxe2 h5 16. Rdh1 Be7 17. R4h3 Rf8 18. g4 hxg4 19. Qxg4 
Qd7 20. Qf3 O-O-O 21. Rh7 Qe6 22. Ne2 Qf6 23. Qxf6 Bxf6 24. R1h3 Rde8 25. 
Rf3 Nd7 26. g4 Re7 27. Kd2 Bg5 28. Nf4 Rg8 29. Nh3 Bf6 30. g5 Bg7 31. Nf4 
Nf8 32. Rh1 Kd7 33. Bf1 Kd6 34. Bh3 Rh8 35. Rc1 Rh4 36. a4 a5 37. b3 b6 
38. Rg3 Rh8 39. Nd3 f6 40. gxf6 Bxf6 41. Bg2 Rh2 42. f4 Rc7 43. Ne5 g5 44.
 Rf1 Rh8 45. Nd3 gxf4 46. Rxf4 Bg7 47. Rfg4 Bf6 48. Rf3 Bg7 49. Rf5 Ne6 
50. Rg6 Rh6 51. Rfg5 Rxg6 52. Rxg6 Rf7 53. Ke2 Rf6 54. Rg3 Rh6 55. Bh3 Bf6
56. Bxe6 1/2-1/2

[Event "ch-BUL 2012"]
[Site "Panagyurishte BUL"]
[Date "2012.04.27"]
[Round "10.5"]
[White "Petkov, V"]
[Black "Radulski, J"]
[Result "1/2-1/2"]
[WhiteElo "2509"]
[BlackElo "2552"]
[EventDate "2012.04.18"]

1. d4 d5 2. c4 e6 3. Nc3 Nf6 4. Bg5 Be7 5. cxd5 exd5 6. e3 c6 7. Nf3 Bf5 
8. Bd3 Bxd3 9. Qxd3 Nbd7 10. O-O O-O 11. Rab1 Re8 12. Nd2 Ne4 13. Bxe7 
Qxe7 14. Rbc1 Nxd2 15. Qxd2 Rad8 16. Na4 Nf6 17. Nc5 Ne4 18. Nxe4 Qxe4 19.
 Qc2 a6 20. Qxe4 Rxe4 21. Rc3 Kf8 22. f3 Re6 23. Kf2 Ke7 24. Re1 f5 25. g3
Rh6 26. Kg2 Re6 27. Kf2 Rh6 28. Kg2 Re6 29. Kf2 Rh6 30. Kg2 Re6 1/2-1/2

[Event "ch-PHI Grand Final 2012"]
[Site "Boracay PHI"]
[Date "2012.07.15"]
[Round "1.5"]
[White "Paragua, M"]
[Black "Barbosa, O PHI"]
[Result "1/2-1/2"]
[WhiteElo "2508"]
[BlackElo "2554"]
[EventDate "2012.07.15"]

1. d4 e6 2. c4 Nf6 3. Nc3 d5 4. cxd5 exd5 5. Bg5 Be7 6. e3 c6 7. Qc2 O-O 
8. Nf3 Ne4 9. Bxe7 Qxe7 10. Bd3 Re8 11. O-O Nd7 12. Rab1 a5 13. a3 Ndf6 
14. Ne5 Nxc3 15. Qxc3 Ne4 16. Qc2 f6 17. Bxe4 dxe4 18. Nc4 Be6 19. b4 axb4
20. axb4 Qc7 21. Rfc1 Bd5 22. h3 Rec8 23. Ra1 Qd8 24. Na5 Qc7 25. Nc4 Qd8 
26. Na5 Qc7 27. Nc4 Qd8 28. Na5 1/2-1/2

[Event "ch-SRB 2012"]
[Site "Vrnjacka Banja SRB"]
[Date "2012.04.23"]
[Round "1"]
[White "Bogosavljevic, B"]
[Black "Miladinovic, I"]
[Result "1/2-1/2"]
[WhiteElo "2523"]
[BlackElo "2555"]
[EventDate "2012.04.23"]

1. d4 d5 2. c4 e6 3. Nf3 Nf6 4. Nc3 Be7 5. Bg5 O-O 6. e3 Nbd7 7. cxd5 exd5
8. Bd3 c6 9. Qc2 Re8 10. O-O Nf8 11. h3 Ne4 12. Bxe7 Qxe7 13. Bxe4 dxe4 
14. Nd2 f5 15. Rae1 Be6 16. f3 exf3 17. Nxf3 Ng6 18. e4 fxe4 19. Nxe4 Bd5 
1/2-1/2

[Event "ch-SRB 2012"]
[Site "Vrnjacka Banja SRB"]
[Date "2012.04.24"]
[Round "2"]
[White "Milanovic, Da"]
[Black "Ivanisevic, I"]
[Result "0-1"]
[WhiteElo "2520"]
[BlackElo "2645"]
[EventDate "2012.04.23"]

1. d4 d5 2. c4 c6 3. Nc3 Nf6 4. e3 e6 5. Bd2 Nbd7 6. Qc2 Bd6 7. cxd5 exd5 
8. Bd3 O-O 9. Nge2 Re8 10. f3 a6 11. O-O c5 12. Rad1 g6 13. Qc1 b5 14. Be1
Bb7 15. Bg3 Bxg3 16. Nxg3 Rc8 17. Qd2 c4 18. Bc2 b4 19. Nce2 Qe7 20. Rf2 
a5 21. Nf1 Nb6 22. Qe1 Ba6 23. g4 Rc6 24. Neg3 c3 25. b3 Nc8 26. g5 Nd7 
27. e4 dxe4 28. fxe4 Qxg5 29. Ne3 Rce6 30. Rg2 Nd6 31. Qf2 Qh4 32. Qf3 Kh8
33. Rf2 Bb7 34. Ng2 Qe7 35. d5 Rf6 36. Qe3 Rxf2 37. Qxf2 Ne5 38. Kh1 Nb5 
39. Qb6 Na3 40. Ne3 Qg5 41. Rg1 Bc8 42. Bd1 Bh3 43. Be2 Qf4 44. Nef5 Nd7 
45. Qc6 Rd8 46. Nd4 Nf6 47. Qb6 Re8 48. Bf1 c2 49. Bxh3 c1=Q 50. Rxc1 
Qxc1+ 51. Kg2 Qd2+ 52. Nde2 Nxe4 53. Qc6 Rf8 54. Nxe4 Qxe2+ 55. Nf2 Nc2 
56. Qf6+ Kg8 57. d6 Ne3+ 58. Kg3 Nd5 59. Qd4 Qe3+ 60. Qxe3 Nxe3 61. Kf3 
Nf5 62. Bxf5 gxf5 63. Kf4 Re8 64. Kxf5 Re2 65. Ne4 Kf8 66. h4 Rxa2 67. Kf6
Ke8 0-1

[Event "10th Schachturken-Cup 2013"]
[Site "Paderborn GER"]
[Date "2013.12.29"]
[Round "5"]
[White "Borovikov, V"]
[Black "Teske, H"]
[Result "1/2-1/2"]
[WhiteElo "2557"]
[BlackElo "2537"]
[EventDate "2013.12.27"]

1. d4 d5 2. c4 e6 3. Nc3 Nf6 4. Bg5 Nbd7 5. e3 Bb4 6. cxd5 exd5 7. Bd3 O-O
8. Ne2 c6 9. O-O Re8 10. Qc2 Nf8 11. a3 1/2-1/2

[Event "10th Vandoeuvre Open"]
[Site "Vandoeuvre les Nancy FRA"]
[Date "2013.12.29"]
[Round "7.4"]
[White "Narciso Dublan, M"]
[Black "Vajda, Le"]
[Result "1/2-1/2"]
[WhiteElo "2521"]
[BlackElo "2584"]
[EventDate "2013.12.26"]

1. d4 Nf6 2. c4 e6 3. Nc3 d5 4. cxd5 exd5 5. Bg5 c6 6. e3 Bf5 7. Qf3 Bg6 
8. Bxf6 gxf6 9. Qd1 Nd7 10. Bd3 Bd6 11. Nge2 Nb6 12. O-O Qe7 13. b3 O-O-O 
14. Qc2 Kb8 15. Rae1 Bb4 16. Rc1 Nc8 17. Nf4 Nb6 18. Nb1 Bd6 19. Rfe1 Rhe8
20. Ne2 Rc8 21. Ng3 Bb4 22. Red1 c5 23. dxc5 Rxc5 24. Qe2 Rxc1 25. Rxc1 
Qe5 26. Nd2 Qb2 27. Rc2 Qa1+ 28. Ndf1 Bd6 29. Qd2 Ba3 30. h4 h5 31. Bxg6 
fxg6 32. Qd3 f5 33. Ne2 Bd6 34. Nd4 Be5 35. Nf3 Bf6 36. g3 Rd8 37. Kg2 a6 
38. Qd2 Bg7 39. Qb4 Qf6 40. N1d2 Qd6 41. Qa5 Nc8 42. Ng5 Rd7 43. Ndf3 Na7 
44. Qc5 Nc6 45. Qxd6+ Rxd6 46. Rd2 Kc7 47. Nh3 b5 48. Nf4 Ne7 49. Ng5 Kc6 
50. Nf7 Rd7 51. Ne6 Bf6 52. Nfg5 b4 53. Rc2+ Bc3 54. Nd4+ Kb6 55. Ngf3 Rc7
56. Ne6 Rc8 57. Nf4 a5 58. Ng1 a4 59. Nge2 Rc6 60. bxa4 Ka5 61. a3 Kxa4 
62. axb4 Kxb4 63. Kf3 Rc4 64. Nd3+ Kb3 65. Rxc3+ Rxc3 66. Nxc3 Kxc3 67. 
Ne5 d4 68. exd4 Kxd4 69. Nf7 Kd5 70. Ng5 Ke5 71. Nf7+ Kd5 72. Ng5 Ke5 73. 
Nf7+ Kd5 74. Ng5 1/2-1/2

[Event "12th TCh-BIH Prem"]
[Site "Sarajevo BIH"]
[Date "2013.06.16"]
[Round "2.2"]
[White "Miladinovic, I"]
[Black "Savic, Miod1"]
[Result "1/2-1/2"]
[WhiteElo "2556"]
[BlackElo "2529"]
[EventDate "2013.06.15"]

1. d4 Nf6 2. c4 e6 3. Nc3 d5 4. cxd5 exd5 5. Bg5 Be7 6. e3 O-O 7. Bd3 Nbd7
8. Nf3 c6 9. Qc2 Re8 10. h3 h6 11. Bf4 1/2-1/2

[Event "17th Unive Open 2013"]
[Site "Hoogeveen NED"]
[Date "2013.10.25"]
[Round "8.1"]
[White "Moskalenko, V1"]
[Black "Haslinger, S"]
[Result "1/2-1/2"]
[WhiteElo "2520"]
[BlackElo "2543"]
[EventDate "2013.10.18"]

1. d4 d5 2. c4 e6 3. Nc3 Be7 4. cxd5 exd5 5. Bf4 Nf6 6. e3 Bf5 7. Nf3 c6 
8. Be2 Qb6 9. Qc1 Nbd7 10. h3 h6 11. O-O O-O 12. Nd2 a5 13. Bd1 Rfc8 14. 
Bc2 Bxc2 15. Qxc2 Qd8 16. Rad1 a4 17. Nxa4 b5 18. Nc5 Nxc5 19. dxc5 Rxa2 
20. Be5 Nd7 21. Bd4 Qf8 22. Rc1 Rca8 23. Qc3 f5 24. Nf3 R2a4 25. b3 Ra2 
26. Rfd1 R8a6 27. Rd2 Rxd2 1/2-1/2

[Event "29th ECC Open 2013"]
[Site "Rhodes GRE"]
[Date "2013.10.22"]
[Round "3.3"]
[White "Vitiugov, N"]
[Black "Halkias, S"]
[Result "1-0"]
[WhiteElo "2729"]
[BlackElo "2568"]
[EventDate "2013.10.20"]

1. c4 e6 2. Nc3 d5 3. d4 Be7 4. cxd5 exd5 5. Bf4 c6 6. e3 Bd6 7. Qf3 Ne7 
8. Bxd6 Qxd6 9. Bd3 b6 10. Nge2 Ba6 11. Bc2 Nd7 12. O-O-O O-O 13. Nf4 Ng6 
14. Nh5 b5 15. Ne2 Nb6 16. Qg3 Nc4 17. Nef4 Qb4 18. Nd3 Qa5 19. Bb3 Qd8 
20. h4 Nd6 21. Nc5 Bc8 22. Bc2 Nf5 23. Bxf5 Bxf5 24. Nxg7 Kxg7 25. h5 Qf6 
26. Rh2 Kh8 27. hxg6 fxg6 28. Rdh1 Rf7 29. Rh6 Rg8 30. Kd2 Re8 31. Qh2 Qe7
32. a3 Bg4 33. Qg3 Bh5 34. Nd3 Qf8 35. R1xh5 gxh5 36. Rxh5 Re6 37. Qh4 b4 
38. axb4 Ref6 39. f4 Re6 40. g4 Rfe7 41. f5 Re4 42. Ne5 R4xe5 43. dxe5 Rg7
44. Ke2 Qxb4 45. Qd8+ Rg8 46. Qf6+ Rg7 47. Rg5 Qe7 48. Qxg7+ Qxg7 49. Rxg7
Kxg7 50. b4 1-0

[Event "2nd Grand Europe Open 2013"]
[Site "Golden Sands BUL"]
[Date "2013.06.16"]
[Round "7.1"]
[White "Vidit, S"]
[Black "Hracek, Z"]
[Result "1/2-1/2"]
[WhiteElo "2554"]
[BlackElo "2625"]
[EventDate "2013.06.10"]

1. Nf3 Nf6 2. c4 e6 3. Nc3 d5 4. d4 Nbd7 5. cxd5 exd5 6. Bg5 c6 7. e3 Be7 
8. Qc2 Nh5 9. Bxe7 Qxe7 10. O-O-O Nb6 11. h3 Be6 12. Bd3 O-O-O 13. Kb1 Kb8
14. Nd2 g6 15. Nb3 Ng7 16. Nc5 Bf5 17. Ka1 Bxd3 18. Nxd3 Nf5 19. Rc1 Nd6 
20. Qb3 Rhe8 21. Rc2 Qg5 22. g3 Qf5 23. Nc5 Ka8 24. h4 h6 25. Rhc1 g5 26. 
hxg5 hxg5 27. Qb4 Rh8 28. a4 Rh1 29. Rxh1 Qxc2 30. a5 Nbc4 31. e4 dxe4 32.
 N3xe4 a6 33. Nxd6 Nxd6 34. Qb6 Rc8 35. Rh6 Qc1+ 36. Ka2 Qc4+ 37. Ka1 Qc1+
38. Ka2 Qc4+ 1/2-1/2

[Event "2nd Server24 Open"]
[Site "Ortisei ITA"]
[Date "2013.06.07"]
[Round "7.2"]
[White "Volkov, Sergey1"]
[Black "Burmakin, V"]
[Result "1-0"]
[WhiteElo "2613"]
[BlackElo "2575"]
[EventDate "2013.06.01"]

1. d4 d5 2. c4 e6 3. Nc3 Be7 4. cxd5 exd5 5. Bf4 c6 6. e3 Bf5 7. Nge2 Nf6 
8. Ng3 Bg6 9. h4 h5 10. Be2 Qb6 11. Qd2 Nbd7 12. Rc1 Kf8 13. a3 Ne8 14. e4
dxe4 15. d5 Rd8 16. b4 Ndf6 17. Na4 Rxd5 18. Nxb6 Rxd2 19. Bxd2 axb6 20. 
a4 Nd7 21. Nf1 Nc7 22. Ne3 Bf6 23. b5 c5 24. a5 bxa5 25. Bxa5 b6 26. Bc3 
Bxc3+ 27. Rxc3 Ke7 28. Ra3 Ra8 29. Rxa8 Nxa8 30. Nd5+ Kd6 31. Nf4 Nc7 32. 
Kd2 Nd5 33. Nxg6 fxg6 34. Ra1 Ne5 35. Ra4 Nf6 36. Kc3 Nd5+ 37. Kd2 Nf6 38.
 Kc2 c4 39. Bxc4 Nfg4 40. Be2 Nxf2 41. Kd2 Nh1 42. Ra3 g5 43. hxg5 h4 44. 
Rh3 Ng3 45. Rxh4 g6 46. Rf4 Kc5 47. Rf6 Nf5 48. Re6 e3+ 49. Kd1 1-0

[Event "40 Yrs Beer Sheva CC"]
[Site "Beer Sheva ISR"]
[Date "2013.05.28"]
[Round "9"]
[White "Rodshtein, M"]
[Black "Avrukh, B"]
[Result "1-0"]
[WhiteElo "2638"]
[BlackElo "2576"]
[EventDate "2013.05.26"]

1. d4 d5 2. c4 e6 3. Nc3 Be7 4. cxd5 exd5 5. Bf4 c6 6. e3 Bf5 7. g4 Be6 8.
 h4 Nd7 9. g5 h6 10. g6 Ngf6 11. gxf7+ Bxf7 12. Bd3 O-O 13. Qf3 Kh8 14. 
Nge2 Ne4 15. Bxe4 dxe4 16. Qxe4 Nf6 17. Qg2 Bh5 18. Rg1 Rf7 19. Be5 Ng4 
20. Nf4 Nxe5 21. dxe5 Qb6 22. Rb1 Bb4 23. Qe4 Rxf4 24. exf4 Rd8 25. Rg3 
Bc5 26. Rg2 Bb4 27. Kf1 Bxc3 28. bxc3 Bf3 29. Rxb6 Bxe4 30. Rxb7 c5 31. 
Rxa7 Bf3 32. Kg1 1-0

[Event "41st GM"]
[Site "Dortmund GER"]
[Date "2013.07.29"]
[Round "4.1"]
[White "Leko, P"]
[Black "Adams, Mi"]
[Result "1/2-1/2"]
[WhiteElo "2737"]
[BlackElo "2740"]
[EventDate "2013.07.26"]

1. d4 Nf6 2. c4 e6 3. Nc3 d5 4. cxd5 exd5 5. Bg5 c6 6. Qc2 Be7 7. e3 Nbd7 
8. Bd3 h6 9. Bh4 Nh5 10. Bxe7 Qxe7 11. Nge2 Nb6 12. O-O O-O 13. Rab1 a5 
14. Qb3 Qd8 15. Na4 Nxa4 16. Qxa4 Bg4 17. Nc3 Re8 18. Qc2 Qg5 19. Kh1 Nf6 
20. a3 Qh5 21. b4 axb4 22. axb4 Bf3 23. gxf3 Qxf3+ 24. Kg1 Qg4+ 25. Kh1 
Qf3+ 26. Kg1 Qg4+ 27. Kh1 Qf3+ 1/2-1/2

[Event "41st TCh-GRE"]
[Site "Rio (Achaia) GRE"]
[Date "2013.07.03"]
[Round "2.2"]
[White "Macieja, B"]
[Black "Miton, K"]
[Result "1/2-1/2"]
[WhiteElo "2583"]
[BlackElo "2606"]
[EventDate "2013.07.02"]

1. d4 d5 2. c4 e6 3. Nf3 Nf6 4. Bg5 Nbd7 5. cxd5 exd5 6. e3 Be7 7. Nc3 c6 
8. Qc2 Nh5 9. Bxe7 Qxe7 10. Be2 Nb6 11. Ne5 Nf6 12. O-O O-O 13. Rab1 c5 
14. dxc5 Qxe5 15. cxb6 Bf5 16. Bd3 Ng4 17. g3 Nxe3 18. fxe3 Qxe3+ 19. Qf2 
Qxf2+ 20. Rxf2 Bxd3 21. Rd1 Be4 22. bxa7 Rxa7 23. Nxd5 Bxd5 24. Rxd5 Rxa2 
25. Rd7 b6 26. Rb7 g6 27. Rxb6 Ra7 28. b4 Rfa8 29. Rbf6 Kg7 30. R6f4 f5 
31. Rb2 Kf6 32. b5 Rb7 33. Kf2 Re8 34. b6 Re6 35. Rfb4 g5 36. Rb5 Kg6 37. 
Kg2 h6 38. Kf3 Kf6 39. R2b4 Kg6 40. h4 Kf6 41. hxg5+ 1/2-1/2

[Event "5th Chennai Open 2013"]
[Site "Chennai IND"]
[Date "2013.01.18"]
[Round "6"]
[White "Teske, H"]
[Black "Lu Shanglei"]
[Result "1/2-1/2"]
[WhiteElo "2512"]
[BlackElo "2526"]
[EventDate "2013.01.16"]

1. Nf3 e6 2. d4 d5 3. c4 Nf6 4. Nc3 c6 5. cxd5 exd5 6. Bg5 Be7 7. e3 Bf5 
8. Bd3 Bxd3 9. Qxd3 O-O 10. O-O Ne4 11. Bxe7 Qxe7 12. Nd2 Nxd2 13. Qxd2 
Nd7 14. Rae1 Rae8 15. f3 f5 16. Re2 Nf6 17. Qd3 Qd7 18. Rfe1 Re7 19. a3 
Rfe8 20. b4 a6 21. a4 g6 22. b5 axb5 23. axb5 Qd6 24. bxc6 bxc6 25. Qd2 
Kg7 26. Qd3 1/2-1/2

[Event "72nd ch-GEO 2013"]
[Site "Tbilisi GEO"]
[Date "2013.06.12"]
[Round "1.2"]
[White "Pantsulaia, L"]
[Black "Mchedlishvili, M"]
[Result "1/2-1/2"]
[WhiteElo "2567"]
[BlackElo "2637"]
[EventDate "2013.06.12"]

1. d4 Nf6 2. c4 e6 3. Nf3 d5 4. Nc3 Nbd7 5. cxd5 exd5 6. Bg5 c6 7. e3 Be7 
8. Bd3 Ne4 9. Bxe4 Bxg5 10. Nxg5 Qxg5 11. Bf3 O-O 12. O-O 1/2-1/2

[Event "73rd ch-ITA"]
[Site "Rome ITA"]
[Date "2013.11.22"]
[Round "2.1"]
[White "Brunello, S"]
[Black "David, Alb"]
[Result "0-1"]
[WhiteElo "2615"]
[BlackElo "2580"]
[EventDate "2013.11.21"]

1. d4 Nf6 2. c4 e6 3. Nc3 d5 4. cxd5 exd5 5. Bg5 Be7 6. e3 c6 7. Bd3 Nbd7 
8. Nge2 Nh5 9. Bxe7 Qxe7 10. g4 Nhf6 11. Ng3 g6 12. g5 Ng8 13. h4 h6 14. 
gxh6 Nxh6 15. h5 g5 16. Qc2 Nf6 17. O-O-O Bg4 18. Rdg1 Bf3 19. Rh2 O-O-O 
20. Nf5 Qc7 21. Rh3 g4 22. Rh4 Kb8 23. Ng3 Qe7 24. Nce2 Ne4 25. Bxe4 Qxh4 
26. Bxf3 gxf3 27. Nf4 Rhg8 28. Rh1 Qf6 29. Qd1 c5 30. dxc5 d4 31. Qxf3 
dxe3 32. fxe3 Qe5 33. Nge2 Qxc5+ 34. Nc3 Qf5 35. e4 Qg4 36. Qf2 Qg3 37. 
Rf1 Qxf2 38. Rxf2 Rg1+ 39. Kc2 Ng4 40. Re2 Rh1 41. Ncd5 Rc8+ 42. Kb3 Rf1 
43. a3 Rf3+ 44. Ka2 Rf2 45. Rxf2 Nxf2 46. e5 Ng4 47. e6 fxe6 48. Nxe6 Rc2 
49. Kb3 Rh2 50. Nef4 Kc8 51. Kc3 Kd7 52. Nb4 Nf6 53. Nbd3 Nxh5 54. Nxh5 
Rxh5 55. a4 Kd6 56. b3 Rh3 57. Kc4 Rg3 58. Kd4 Rg4+ 59. Kc3 Kd5 60. Nb4+ 
Ke4 61. Nc2 Rg3+ 62. Kc4 Rh3 63. Na3 Rh6 64. Nb5 Rc6+ 65. Kb4 a6 66. Na3 
Kd4 67. Nc4 b6 68. a5 b5 69. Na3 Rc5 70. Nb1 Rc2 71. Na3 Rc8 72. Nxb5+ 
axb5 73. Kxb5 Kd5 74. Kb6 Kd6 75. Kb7 Rc7+ 76. Kb6 Rc3 77. b4 Kd7 78. a6 
Kc8 79. Ka7 Rb3 80. b5 Rxb5 81. Ka8 Kc7 82. a7 Kb6 83. Kb8 Ka6+ 0-1

[Event "82nd ch-UKR 2013"]
[Site "Kiev UKR"]
[Date "2013.06.15"]
[Round "1.4"]
[White "Neverov, V"]
[Black "Korobov, A"]
[Result "0-1"]
[WhiteElo "2515"]
[BlackElo "2715"]
[EventDate "2013.06.15"]

1. d4 Nf6 2. c4 e6 3. Nf3 d5 4. Nc3 c6 5. cxd5 exd5 6. Bg5 Bf5 7. e3 Nbd7 
8. Bd3 Bxd3 9. Qxd3 Bd6 10. O-O-O O-O 11. e4 dxe4 12. Nxe4 Be7 13. Rhe1 
Re8 14. h4 h6 15. Bxf6 Nxf6 16. Ng3 Bf8 17. Rxe8 Qxe8 18. Qb3 Rb8 19. Re1 
Qd7 20. Ne4 Qf5 21. Nxf6+ Qxf6 22. Qe3 Bd6 23. Qe4 Rd8 24. Kc2 Bc7 25. g4 
Bb6 26. g5 Qd6 27. gxh6 Qxh6 28. Rg1 Qf6 29. Rg4 Bc7 30. Rg5 Qf4 31. Qxf4 
Bxf4 32. Ra5 a6 33. Kd3 f6 34. Ke4 Bd6 35. Ra4 Kf7 36. Rc4 Kg6 37. Rc1 
Re8+ 38. Kd3 Kh5 39. Rg1 Re7 40. a4 Bf4 41. b3 Bh6 42. Rg2 Rd7 43. Rg1 Rd5
44. Rg2 Rf5 45. Rg3 g6 46. Ke2 Rf4 47. Rg1 Re4+ 48. Kd3 Rg4 49. Rd1 Rf4 
50. Ke2 Kg4 51. Rg1+ Kf5 52. Rg3 Rg4 53. Rh3 Ke6 54. Rh1 Kd5 55. Rd1 Re4+ 
56. Kd3 Rf4 57. Ke2 Ke4 58. Rd3 Rf5 59. Rc3 Rh5 60. Rd3 Rd5 61. Rc3 Bf4 
62. Rc2 g5 63. hxg5 fxg5 64. Rc3 g4 65. Ne1 Rxd4 66. Nd3 Bd6 67. Nc5+ Bxc5
68. Rxc5 Rb4 69. Rc3 Kd4 70. Rg3 Kc5 71. Kd2 Rd4+ 72. Kc2 Rf4 73. Kb1 Kb4 
0-1

[Event "82nd ch-UKR 2013"]
[Site "Kiev UKR"]
[Date "2013.06.25"]
[Round "10.1"]
[White "Eljanov, P"]
[Black "Kryvoruchko, Y"]
[Result "0-1"]
[WhiteElo "2707"]
[BlackElo "2659"]
[EventDate "2013.06.15"]

1. d4 Nf6 2. c4 e6 3. Nf3 d5 4. Bg5 Be7 5. e3 O-O 6. cxd5 exd5 7. Nc3 Nbd7
8. Bd3 c6 9. Qc2 Re8 10. h3 Ne4 11. Bf4 Ndf6 12. O-O Bd6 13. Bxd6 Nxd6 14.
 b4 Nfe4 15. Ne5 Nxc3 16. Qxc3 Bf5 17. Bxf5 Nxf5 18. b5 cxb5 19. Qb3 f6 
20. Nd3 Qd7 21. Rfb1 Qf7 22. a4 Nd6 23. axb5 Nc4 24. Ra2 b6 25. Rc1 Rac8 
26. Rac2 Rc7 27. Nb4 Rec8 28. Rc3 Qe6 29. Qa2 g5 30. Qe2 Qd6 31. Rb1 Na3 
32. Rxa3 Rc1+ 33. Qf1 Rxf1+ 34. Kxf1 Rc4 35. Rab3 Qh2 36. f3 Qh1+ 37. Kf2 
Rc1 38. Rxc1 Qxc1 0-1

[Event "88th ch-FRA 2013"]
[Site "Nancy FRA"]
[Date "2013.08.18"]
[Round "7.5"]
[White "Vaisser, A"]
[Black "Apicella, M"]
[Result "1/2-1/2"]
[WhiteElo "2544"]
[BlackElo "2512"]
[EventDate "2013.08.11"]

1. c4 e6 2. Nc3 Nf6 3. d4 d5 4. cxd5 exd5 5. Bg5 c6 6. e3 Bf5 7. Qf3 Bg6 
8. Bxf6 Qxf6 9. Qxf6 gxf6 10. Nf3 Nd7 11. g3 Nb6 12. Nh4 Nc8 13. O-O-O Be7
14. Bd3 Nd6 15. Rhf1 Bxd3 16. Rxd3 f5 17. Ng2 h5 18. h4 Ne4 19. Ne2 Bd6 
20. Ngf4 Nf6 21. Kb1 Kd7 22. Rc1 Ng4 23. Rf1 Nh2 24. Rh1 Ng4 25. Rf1 Nh2 
26. Rh1 Ng4 27. Rf1 1/2-1/2

[Event "88th ch-FRA 2013"]
[Site "Nancy FRA"]
[Date "2013.08.19"]
[Round "8.3"]
[White "Degraeve, JM"]
[Black "Bauer, Ch"]
[Result "1-0"]
[WhiteElo "2563"]
[BlackElo "2633"]
[EventDate "2013.08.11"]

1. e4 c6 2. d4 d5 3. exd5 cxd5 4. Bd3 Nc6 5. c3 Nf6 6. Bf4 Bg4 7. Qb3 Qc8 
8. Nd2 e6 9. Ngf3 Bh5 10. Ne5 Be7 11. O-O O-O 12. Qc2 Bg6 13. Nxg6 hxg6 
14. h3 Qd8 15. Nf3 Nh5 16. Bh2 g5 17. Qd2 g6 18. Rae1 Rc8 19. Kh1 Kg7 20. 
g4 Nf4 21. Bxf4 gxf4 22. Qxf4 Bd6 23. Qe3 Qf6 24. Ne5 Qh4 25. f4 Nxe5 26. 
fxe5 Be7 27. Rf3 Bg5 28. Qe2 Bf4 29. g5 Bxg5 30. Rg1 Rh8 31. Rg4 Qxg4 32. 
Rxf7+ Kxf7 33. Qxg4 Kg7 34. Kg2 Bh4 35. Bxg6 Rcg8 36. Kh2 Bd8 37. Qxe6 Rh6
38. Qf7+ Kh8 39. Bf5 Bg5 40. e6 Rg7 41. Qf8+ Rg8 42. e7 1-0

[Event "8th Nana Aleksandria"]
[Site "Poti GEO"]
[Date "2013.07.16"]
[Round "5.1"]
[White "Pantsulaia, L"]
[Black "Paichadze, L"]
[Result "1/2-1/2"]
[WhiteElo "2588"]
[BlackElo "2537"]
[EventDate "2013.07.10"]

1. d4 Nf6 2. c4 e6 3. Nf3 d5 4. Nc3 Be7 5. cxd5 exd5 6. Bg5 O-O 7. e3 c6 
8. Qc2 Nbd7 9. Bd3 Re8 10. O-O Nf8 11. Bf4 Bd6 12. Bxd6 Qxd6 13. a3 
1/2-1/2

[Event "8th Teplice Open 2013"]
[Site "Teplice CZE"]
[Date "2013.06.20"]
[Round "6.1"]
[White "Krejci, Jan2"]
[Black "Teske, H"]
[Result "1/2-1/2"]
[WhiteElo "2503"]
[BlackElo "2514"]
[EventDate "2013.06.15"]

1. d4 Nf6 2. c4 e6 3. Nc3 d5 4. Bg5 Nbd7 5. cxd5 exd5 6. e3 Be7 7. Bd3 c6 
8. Qc2 Nf8 9. h3 Ne6 10. Bh4 g6 11. Nge2 O-O 12. O-O-O a5 13. Kb1 Ne4 14. 
Bxe7 Nxc3+ 15. Nxc3 Qxe7 16. g4 b5 17. f4 Ng7 18. e4 Ne6 19. f5 Nxd4 20. 
Qf2 b4 21. Nxd5 cxd5 22. Qxd4 dxe4 23. f6 Qa7 24. Qxe4 h6 25. Qf4 Qb6 26. 
Rhf1 Kh7 27. h4 Qb8 28. Qe3 Qa7 29. Qf3 Ba6 30. h5 Bxd3+ 31. Qxd3 Rg8 32. 
Rh1 Kh8 33. g5 Qc5 34. Qg3 Rae8 35. Ka1 Qe5 36. Qg2 a4 37. Rd5 Qe1+ 38. 
Rd1 Qe5 39. Rd5 Qe1+ 40. Rd1 1/2-1/2